Sīwah taḥta nīr al-iḥtilāl al-īṭālī /

محفوظ في:

المؤلف الرئيسي: Wākid, ʿAbd-al-Laṭīf (مؤلف)

التنسيق: كتاب

اللغة: Arabic

منشور في: [Miṣr] : [Sharikat al-Sharq lil-Ṭibāʻah], [1946].

الموضوعات:

الوسوم: إضافة وسم

لا توجد وسوم, كن أول من يضع وسما على هذه التسجيلة!

رقم الطلب: DT154 .S5 W3 1946

LEADER 01044nam a2200229Ia 4500
003 OSt
005 20230713075611.0
008 130303s1946 ua 000 0 ara d
952 |0 0  |1 0  |2 lcc  |4 0  |6 DT0154 S5 W3 01946  |7 1  |9 49211  |a ARCE  |b ARCE  |d 2023-07-13  |l 0  |o DT154 .S5 W3 1946  |p 1030491  |r 2023-07-13 00:00:00  |w 2023-07-13  |y BK 
999 |c 26184  |d 26184 
040 |c ARCE Library 
043 |a f-ua--- 
050 4 |a DT154 .S5 W3 1946 
100 1 |6 880-01  |a Wākid, ʿAbd-al-Laṭīf,  |e author  |9 41824 
245 1 0 |6 880-02  |a Sīwah taḥta nīr al-iḥtilāl al-īṭālī /  |c ʿAbd-al-Laṭīf Wākid. 
264 1 |a [Miṣr] :   |b [Sharikat al-Sharq lil-Ṭibāʻah],   |c [1946]. 
300 |a 64 pages ;  |c 20 cm 
651 0 |a Sīwah (Egypt) 
880 1 |6 100-01/(3/r  |a واكد، عبد اللطيف 
880 1 0 |6 245-02/(3/r  |a سيوة تحت نير الإحتلال الإيطالي‪‪‪‪‪‪‪‪‪‪‪‪‪‪‪ ‪‪‪‪‪‪‪‪‪‪‪‪  |c عبد اللطيف واكد.‪‪‪‪‪‪‪‪‪‪‪‪ 
901 |a reviewed 
942 |c BK  |2 lcc